Kvalitný výstup podmieni dôkladná príprava

Dôvody na pravidelnú inventúru na Slovensku upravuje zákon. Určuje minimálny rámec realizácie inventúry, ktorú musí obchodník dodržať. Na čo by sa pri tomto procese nemalo zabúdať.

Salvato in:
Dettagli Bibliografici
Autore principale: Košťál, Daniel
Natura: Capitolo di libro
Lingua:slovacco
Soggetti:
Tags: Aggiungi Tag
Nessun Tag, puoi essere il primo ad aggiungerne!!

MARC

LEADER 00000naa a2200000 4500
001 0175454
005 20231208065922.2
041 0 |a slo 
044 |a SK 
245 1 0 |a Kvalitný výstup podmieni dôkladná príprava  |c Daniel Košťál 
520 |a Dôvody na pravidelnú inventúru na Slovensku upravuje zákon. Určuje minimálny rámec realizácie inventúry, ktorú musí obchodník dodržať. Na čo by sa pri tomto procese nemalo zabúdať. 
610 2 0 |a obchod 
610 2 0 |a obchodníci 
610 2 0 |a inventúra 
100 1 |a Košťál, Daniel